From unequal freedom: how race and gender shaped american citizanship and labor /

সংরক্ষণ করুন:
গ্রন্থ-পঞ্জীর বিবরন
প্রধান লেখক: Nakano Glenn, Evelyn
বিন্যাস: পাঠ‍্য
ট্যাগগুলো: ট্যাগ যুক্ত করুন
কোনো ট্যাগ নেই, প্রথমজন হিসাবে ট্যাগ করুন!

MARC

LEADER 00000 a a2200000 04500
001 43925
003
040
100 |a Nakano Glenn, Evelyn  
245 |a From unequal freedom:   |b how race and gender shaped american citizanship and labor /  |c Evelyn Nakano Glenn  
773 |g páginas 123-127  
999 |c 23510  |d 23510